000
00327nam a22001337a 4500
005
20160329084950.0
008
080729s2009 nyua 001 0 eng
020
_a
9780071548649
020
_a
0071548645
041
0
_a
eng
080
_a
004
245
1
0
_a
SQL :
_c
Andy Oppel, Robert Sheldon.
942
_2
udc
_c
BK
999
_c
661
_d
661